000 01171nam0a22003131 4500
001 rc\322190
005 20030307122327.9
010 _a5-635-00350-8
_915000
035 _a(NLR Aleph) 005556519
090 _a5866039
_c5866039
100 _a20030307d1989 u |0rusy50 ca
101 0 _arus
102 _aRU
105 _aa |||||||||
200 1 _aМарсиане
_eПовести
_eИзбранное
_fВладимир Тюриков
205 _a[Переизд.]
210 _aТашкент
_cИзд-во лит. и искусства
_d1989
215 _a463, [1] с., 1 л. портр.
_d21
327 1 _aСодерж.: Комсорг батальона; Всем смертям назло; Когда друг оступился; Марсиане
464 0 _12001#$aКомсорг батальона
464 0 _12001#$aВсем смертям назло
464 0 _12001#$aКогда друг оступился
464 0 _12001#$aМарсиане
700 1 _aТюриков
_bВ. И.
_f1925-
_gВладимир Иванович
801 0 _aRU
_bNLR
_gpsbo
801 1 _aRU
_bELAR
_2rusmarc
852 _aNLR
_j90-3/1084
942 _cBOOK
980 _aNB